000 00416nam a22001697a 4500
005 20180703171342.0
008 160429b xxu||||| |||| 00| 0 eng d
020 _a9788-81-25916581
041 _aeng
082 _b00871
_a658.15
100 _aPandey IM
_94447
245 _aFinancial management
260 _aNew Delhi
_bVikas Publishing House,
_c1978
300 _a787p,
650 _aManagement
_9241
942 _cBK
999 _c285
_d285